000 00645nam a22002417a 4500
003 UA-OsUOA
001 62287
007 ta
008 20090818b un ||||| |||| 00| 0 ukr d
090 _a82.09(477)(091)
_bШ32
942 _cBK
040 _aUA-OsUOA
_bukr
_cUA-OsUOA
_dUA-OsUOA
245 _aШашкевичіана
_bзбірник наукових праць
300 _a748 с.
955 _a1
041 _aukr
080 _a82.09(477)(091)
020 _a966-02-1631-9
260 _aЛьвів
_c2000
250 _nвип. 3
650 7 _a82 Література. Літературознавство
_2UDC
999 _c348371
_d348371